[Event "Vignola op 5th"]
[Site "Vignola"]
[Date "2006.11.25"]
[Round "2"]
[White "Gandini, Gaudio"]
[Black "Calavalle, Giulio"]
[Result "0-1"]
[WhiteElo "1879"]
[BlackElo "2174"]
[PlyCount "74"]
[EventDate "2006.11.24"]
[EventType "swiss"]
[EventRounds "5"]
[EventCountry "ITA"]
[SourceTitle "EXT 2011"]
[Source "ChessBase"]
[SourceDate "2010.11.26"]
[SourceVersion "1"]
[SourceVersionDate "2010.11.26"]
[SourceQuality "1"]

1. Nf3 f5 2. d3 Nf6 3. g3 g6 4. Bg2 Bg7 5. 0-0 0-0 6. c3 c6 7. Qb3+ d5 8. Nbd2 Nbd7 9. d4 Kh8 10. Ng5 Nb6 11. f4 h6 12. Ngf3 Ng4 13. Ne5 Bxe5 14. fxe5 Ne3 15. Rf3 Nbc4 16. Nxc4 dxc4 17. Qb4 Nc2 18. Qxc4 Nxa1 19. Bxh6 Rg8 20. Bg5 Qd5 21. Qb4 Rg7 22. Bxe7 Nc2 23. Qd6 Qxd6 24. exd6 Ne1 25. Rf4 Nxg2 26. Kxg2 Kg8 27. e4 Be6 28. e5 g5 29. Rf2 g4 30. b3 b5 31. c4 bxc4 32. bxc4 Rb8 33. Rd2 Bxc4 34. Bf6 Rgb7 35. Kf2 Rb2 36. Ke3 Rxd2 37. Kxd2 Be6 0-1